| 000 | 00912nam a22002777a 4500 | ||
|---|---|---|---|
| 003 | dpl | ||
| 005 | 20180806171904.0 | ||
| 008 | 180806b xxu||||| |||| 00| 0 eng d | ||
| 010 | _aA-743298 | ||
| 016 | _aA-743298 | ||
| 035 | _aA-743298 | ||
| 037 | _bCen Lib/Ret | ||
| 040 |
_aDPL _bEN _c0 |
||
| 082 |
_a323 _bBAX |
||
| 100 | _aBaxi, Upendra | ||
| 245 |
_aInhuman wrongs and human rights / _cby Upendra Baxi |
||
| 260 |
_aDelhi _bHar-anand publications _c1994 |
||
| 270 |
_a364-A, chirag delhi, _bNew delhi _e110017 |
||
| 300 |
_axii, 172p. _c20cm(Hb) |
||
| 500 | _aIncludes index | ||
| 650 |
_aHuman right monitoring _95513 |
||
| 650 |
_aHuman right-Law and legislation _95514 |
||
| 650 |
_a मानव अधिकार निगरानी _969289 |
||
| 650 |
_aमानव अधिकार-कानून और विधान _95516 |
||
| 942 |
_2ddc _cEN _h323 _mBAX |
||
| 999 |
_c155581 _d155581 |
||